Ferdinand Foch address with typewritten translation, (Record no. 40777)

MARC details
000 -LEADER
fixed length control field 00915cpcaa2200265 4500
001 - CONTROL NUMBER
control field mm 79001418
003 - CONTROL NUMBER IDENTIFIER
control field DLC
005 - DATE AND TIME OF LATEST TRANSACTION
control field 20260227111636.0
008 - FIXED-LENGTH DATA ELEMENTS--GENERAL INFORMATION
fixed length control field 790521|||||||||||| fre
010 ## - LIBRARY OF CONGRESS CONTROL NUMBER
LC control number mm 79001418
040 ## - CATALOGING SOURCE
Original cataloging agency DLC
Transcribing agency DLC
Description conventions dacs
Modifying agency DLC
041 ## - LANGUAGE CODE
Language code of text/sound track or separate title fre
-- eng
072 #7 - SUBJECT CATEGORY CODE
Subject category code R
Source lcmd
100 1# - MAIN ENTRY--PERSONAL NAME
Personal name Foch, Ferdinand,
Dates associated with a name 1851-1929.
245 00 - TITLE STATEMENT
Title Ferdinand Foch address with typewritten translation,
Inclusive dates 1918.
300 ## - PHYSICAL DESCRIPTION
Extent 1
Type of unit item.
506 0# - RESTRICTIONS ON ACCESS NOTE
Terms governing access Open to research.
533 ## - REPRODUCTION NOTE
Type of reproduction In part, typewritten transcript.
Place of reproduction [S.l.].
545 0# - BIOGRAPHICAL OR HISTORICAL DATA
Biographical or historical data French army officer.
546 ## - LANGUAGE NOTE
Language note Collection material in French, with English.
580 ## - LINKING ENTRY COMPLEXITY NOTE
Linking entry complexity note Forms part of: Miscellaneous Manuscripts collection.
656 #7 - INDEX TERM--OCCUPATION
Occupation Army officers, French.
Source of term itoamc

No items available.

Powered by Koha